000 01622nam a2200493 i 4500
001 43155
003 KOSZ 005
005 20220330085808.0
008 021125s2002 pl a f f |000 0 pol
015 _aUWD 2002/19405
020 _a8372073201
020 _a8372073627
035 _a991019833239705066
035 _a(PL-WaBN)b15376813-48omnis_nlop
035 _ab15376813
035 _a(OCoLC)749329067
035 _a(PL)b0000001537681
035 _a(EXLNZ-48OMNIS_NETWORK)9910039677305606
040 _aWA N
_cWA N
_dKOSZ 005/HR
041 0 _apol
046 _k2002
080 _a54
080 _a504
080 _a(075.8)
100 1 _aSzperliński, Zbigniew
_d(1932- )
_eAutor
245 1 0 _aChemia w ochronie i inżynierii środowiska.
_nCz. 1 /
_cZbigniew Szperliński.
260 _aWarszawa :
_bOficyna Wydawnicza Politechniki Warszawskiej,
_ccop. 2002.
300 _a381 s. :
_bil. ;
_c24 cm.
336 _aTekst
_btxt
_2rdacontent
337 _aBez urządzenia pośredniczącego
_bn
_2rdamedia
338 _aWolumin
_bnc
_2rdacarrier
380 _aKsiążki
380 _aPublikacje dydaktyczne
385 _mPoziom nauczania
_aSzkoły wyższe
388 _a2001-
650 7 _aChemia środowiska
_2DBN
650 7 _aOchrona środowiska
_2DBN
655 7 _aPodręczniki akademickie
_2DBN
658 _aOchrona środowiska
710 2 _aOficyna Wydawnicza Politechniki Warszawskiej
_4pbl
856 _uhttp://koha.tu.koszalin.pl/cgi-bin/koha/opac-detail.pl?biblionumber=43155
_yKatalog online BPK
942 _2UKD
_cKS
999 _c43155
_d43155